|
|
|
|
| LEADER |
00868nam a2200241 a 4500 |
| 001 |
c000309964 |
| 003 |
CARM |
| 005 |
00000000000000.0 |
| 008 |
960104s1978 enk 00000 eng d |
| 019 |
1 |
|
|a 2438722
|5 LACONCORD2021
|
| 035 |
|
|
|a (OCoLC)220171440
|5 LACONCORD2021
|
| 040 |
|
|
|a VDU
|c VDU
|
| 082 |
0 |
4 |
|a 025.173
|2 20
|
| 245 |
0 |
0 |
|a Access to serials /
|c report of The Working Party on Access to Serials.
|
| 260 |
|
|
|a London :
|b The British Library,
|c 1978.
|
| 300 |
|
|
|a 6, [2] p. ;
|c 30 cm.
|
| 500 |
|
|
|a Spiral binding.
|
| 650 |
|
0 |
|a Information retrieval.
|
| 650 |
|
0 |
|a Periodicals
|x Use studies.
|
| 710 |
2 |
|
|a British Library.
|
| 852 |
8 |
|
|b CARM
|h A3:AI03D0
|i F07605
|p 0474127
|f BK
|
| 999 |
f |
f |
|i de9fd06e-c6c4-5fe6-97f2-d22e2a7fad75
|s 2994002b-0b6d-5809-b25a-5bac6e00f429
|
| 952 |
f |
f |
|p Can circulate
|a CAVAL
|b CAVAL
|c CAVAL
|d CARM 1 Store
|e F07605
|f A3:AI03D0
|h Other scheme
|i book
|m 0474127
|